Les milieux granulaires: entre fluide et solide

Shranjeno v:
Bibliografske podrobnosti
Main Authors: Andreotti, Bruno (Author), Forterre, Yoël (Author), Pouliquen, Olivier (Author)
Format: Knjiga
Jezik:francoščina
Izdano: París EDP Sciences 2011
Izdaja:1a. ed
Serija:Savoirs Actuels. Série Physique
Teme:
Oznake: Označite
Brez oznak, prvi označite!

MARC

LEADER 00000cam a2200000 a 4500
001 UCE6187
003 CL-VaPUC
008 150326e20110000fr |||||||||||||||||fre|d
020 |a 9782759800971 
082 0 4 |a 551.3  |b AND  |2 21 
100 0 |a Andreotti, Bruno  |e author  |9 578803 
700 0 |a Forterre, Yoël  |e author  |9 578804 
700 0 |a Pouliquen, Olivier  |e author  |9 578805 
245 1 4 |a Les milieux granulaires: entre fluide et solide 
250 |a 1a. ed 
300 |a 495 p 
942 |c BK 
945 |d 20150326 13:02:00  |a arojas 
260 |a París  |b EDP Sciences  |c 2011 
650 7 |a SEDIMENTOS GEOLOGIA  |2 CL-VaPUC  |9 261218 
650 0 |a Sedimentación  |9 261527 
650 0 |a Líquidos  |9 260946 
650 0 |a Sólidos  |9 260188 
650 0 |a Propiedades de los materiales  |9 465461 
583 |a last modification  |c 20150326 13:02:00  |k Rodrigo Vera 
490 0 |a Savoirs Actuels. Série Physique 
999 |c 358573  |d 358571 
952 |0 0  |1 0  |3 erb  |4 0  |6 551_300000000000000_AND_2011  |7 0  |8 A  |9 467382  |a BIBCUR  |b BIBCUR  |i 5142628  |o 551.3 AND 2011  |p 5142628  |r 2025-04-22  |w 2019-11-23  |y BK  |z Catalogado en:20150326  |k FIS 
952 |0 0  |1 0  |3 erb  |4 0  |6 551_300000000000000_AND_2011  |7 0  |8 A  |9 467383  |a BIBCUR  |b BIBCUR  |i 5146895  |o 551.3 AND 2011  |p 5146895  |r 2025-04-22  |w 2019-11-23  |y BK  |z Catalogado en:20150423  |k FIS